000 00626nam a22002177a 4500
003 UA-OsUOA
001 55737
007 ta
008 20080919b un ||||| |||| 00| 0 ukr d
100 _aЩурик М.В.
090 _a330
_bЩ98
942 _cSA
040 _aUA-OsUOA
_bukr
_cUA-OsUOA
_dUA-OsUOA
245 _aФінансове забезпечення інноваційного прочесу макрорегіону
300 _aС.34-43
955 _a0
041 _aukr
080 _a330
773 0 _w55735
_tФінанси України
_dК.
_d2008
_g3
650 7 _a330 Економіка взагалі
_2UDC
999 _c341816
_d341816